[Event "European Blitz 2014"]
[Site "Wroclaw POL"]
[Date "2014.12.19"]
[Round "8.2"]
[White "Neiksans, Arturs"]
[Black "Kulaots, Kaido"]
[Result "1-0"]
[WhiteTitle "GM"]
[BlackTitle "GM"]
[WhiteElo "2559"]
[BlackElo "2563"]
[WhiteFideId "11601388"]
[BlackFideId "4500261"]
[EventDate "2014.12.19"]

1. Nf3 Nf6 2. g3 b5 3. Bg2 Bb7 4. Na3 a6 5. c4 b4 6. Nc2 a5 7. O-O e6 8. d4 Be7
9. d5 Na6 10. Nfd4 Nc5 11. dxe6 fxe6 12. Bxb7 Nxb7 13. Bf4 O-O 14. Nb5 Ne8 15.
e4 Nc5 16. Qe2 c6 17. Nbd4 Nd6 18. Rad1 Rxf4 19. gxf4 Ncxe4 20. Nf3 Qe8 21. Ne5
Nf6 22. Ne3 Nf7 23. Kh1 Bc5 24. Rg1 Qe7 25. Qd3 Rf8 26. Nxd7 Nxd7 27. Qxd7 Qf6
28. Qxc6 Ba7 29. Nd5 Qh4 30. Qxe6 Kh8 31. Qe7 Qxe7 32. Nxe7 Nh6 33. Nc6 Bxf2 34.
Rg2 Bb6 35. Re2 Nf5 36. Re4 h5 37. Ne5 Kh7 38. Nd7 Rd8 39. Rd5 1-0

[Event "European Blitz 2014"]
[Site "Wroclaw POL"]
[Date "2014.12.19"]
[Round "9.1"]
[White "Socko, Bartosz"]
[Black "Navara, David"]
[Result "0-1"]
[WhiteTitle "GM"]
[BlackTitle "GM"]
[WhiteElo "2617"]
[BlackElo "2727"]
[WhiteFideId "1107038"]
[BlackFideId "309095"]
[EventDate "2014.12.19"]

1. e4 c6 2. d4 d5 3. exd5 cxd5 4. Bd3 Nc6 5. c3 g6 6. Bf4 Nf6 7. h3 Bf5 8. Bxf5
gxf5 9. Nf3 Qb6 10. Qb3 e6 11. O-O Ne4 12. Nbd2 Be7 13. Rad1 Qxb3 14. Nxb3 b5
15. Ne5 Nxe5 16. Bxe5 Rg8 17. f3 Nd6 18. Na5 Kd7 19. Rc1 h5 20. b4 Nc4 21. Nxc4
dxc4 22. a4 bxa4 23. Ra1 a5 24. b5 a3 25. Rfb1 Kc8 26. Rd1 Kb7 27. d5 exd5 28.
Rxd5 Rad8 29. Rxd8 Rxd8 30. Bd4 Rd5 31. Rb1 Rxd4 32. cxd4 c3 33. Ra1 c2 34. Kf2
Bg5 0-1

[Event "European Blitz 2014"]
[Site "Wroclaw POL"]
[Date "2014.12.19"]
[Round "9.1"]
[White "Efimenko, Zahar"]
[Black "Bortnyk, Olexandr"]
[Result "1-0"]
[WhiteTitle "GM"]
[BlackTitle "IM"]
[WhiteElo "2643"]
[BlackElo "2533"]
[WhiteFideId "14107201"]
[BlackFideId "14120828"]
[EventDate "2014.12.19"]

1. e4 Nf6 2. e5 Nd5 3. d4 d6 4. Nf3 g6 5. c4 Nb6 6. exd6 cxd6 7. h3 Bg7 8. Nc3
O-O 9. Be2 Nc6 10. Be3 Bf5 11. O-O d5 12. c5 Nc4 13. Bc1 b6 14. b3 N4a5 15. cxb6
axb6 16. Bf4 Be4 17. Nb5 Qd7 18. Qd2 Rfc8 19. Rac1 Nb7 20. Ne5 Nxe5 21. Bxe5
Bxe5 22. dxe5 Nc5 23. Nd4 Qa7 24. a4 Qc7 25. b4 Qxe5 26. bxc5 bxc5 27. Nf3 Qf6
28. Ng5 Bf5 29. Bb5 c4 30. Nf3 Be4 31. Qg5 Qxg5 32. Nxg5 Bd3 33. Rfd1 e6 34. Nf3
f6 35. Bd7 Rc5 36. Bxe6+ Kf8 37. Rxd3 1-0

[Event "European Blitz 2014"]
[Site "Wroclaw POL"]
[Date "2014.12.19"]
[Round "9.1"]
[White "Duda, Jan-Krzysztof"]
[Black "Kempinski, Robert"]
[Result "1-0"]
[WhiteTitle "GM"]
[BlackTitle "GM"]
[WhiteElo "2603"]
[BlackElo "2626"]
[WhiteFideId "1170546"]
[BlackFideId "1105663"]
[EventDate "2014.12.19"]

1. e4 c5 2. Nf3 d6 3. d4 cxd4 4. Nxd4 Nf6 5. Nc3 a6 6. h3 Nc6 7. g4 e6 8. Bg2
Be7 9. Be3 Nd7 10. h4 Qc7 11. Qe2 Nce5 12. O-O-O Nc4 13. f4 Nxe3 14. Qxe3 O-O
15. g5 Re8 16. h5 Nf8 17. Kb1 Bd7 18. f5 exf5 19. Nd5 Qd8 20. g6 fxg6 21. hxg6
Nxg6 22. exf5 Nf8 23. Ne6 Bxe6 24. fxe6 Bg5 25. Qb3 Nxe6 26. Be4 h6 27. Bg6 Nc5
28. Qc4 Re6 29. Bf5 b5 30. Bxe6+ Nxe6 31. Qg4 Nc5 32. Rhf1 Ra7 33. Qf5 Qe8 34.
Rde1 Qd8 35. Nb4 Rc7 36. Nc6 Qc8 37. Qd5+ Kh8 38. Nd4 Na4 39. Re2 Rc5 40. Qf7
Re5 41. Rxe5 dxe5 42. Ne6 Qg8 43. Nxg5 Qxf7 44. Nxf7+ 1-0

[Event "European Blitz 2014"]
[Site "Wroclaw POL"]
[Date "2014.12.19"]
[Round "9.1"]
[White "Alekseev, Evgeny"]
[Black "Grigoriants, Sergey"]
[Result "1-0"]
[WhiteTitle "GM"]
[BlackTitle "GM"]
[WhiteElo "2679"]
[BlackElo "2570"]
[WhiteFideId "4138147"]
[BlackFideId "4130804"]
[EventDate "2014.12.19"]

1. e4 e5 2. Nf3 Nc6 3. Bb5 Nf6 4. d3 Bc5 5. c3 O-O 6. O-O d6 7. Nbd2 Bb6 8. Nc4
Ne7 9. Ba4 Ng6 10. h3 h6 11. Bb3 c6 12. Nxb6 axb6 13. Be3 b5 14. a4 bxa4 15.
Rxa4 Rxa4 16. Bxa4 d5 17. Bc2 Be6 18. Re1 dxe4 19. dxe4 Qxd1 20. Rxd1 Ra8 21.
Bc5 Nd7 22. Be3 Ra2 23. Rb1 Kf8 24. Ne1 Nf4 25. h4 Bc4 26. g3 Ne6 27. Nd3 Ke7
28. Kg2 f6 29. Nb4 Ra8 30. Nd3 Bb5 31. f4 c5 32. f5 c4 33. Nb4 Nec5 34. Nd5+ Kf7
35. Nc7 Ra5 36. Nxb5 Rxb5 37. Kf3 Nb6 38. g4 Nba4 39. g5 hxg5 40. hxg5 fxg5 41.
Kg4 Nd3 42. Bxa4 Rxb2 43. Rxb2 Nxb2 44. Bb5 1-0

[Event "European Blitz 2014"]
[Site "Wroclaw POL"]
[Date "2014.12.19"]
[Round "9.1"]
[White "Korobov, Anton"]
[Black "Bartel, Mateusz"]
[Result "0-1"]
[WhiteTitle "GM"]
[BlackTitle "GM"]
[WhiteElo "2693"]
[BlackElo "2664"]
[WhiteFideId "14105730"]
[BlackFideId "1112635"]
[EventDate "2014.12.19"]

1. d4 f5 2. Bg5 g6 3. h4 Bg7 4. h5 h6 5. Bd2 g5 6. e3 d6 7. c4 e5 8. Bc3 Nc6 9.
Nf3 e4 10. Nfd2 Nf6 11. d5 Ne5 12. Bxe5 dxe5 13. Nc3 c5 14. dxc6 bxc6 15. c5 O-O
16. Nc4 Nd5 17. Nd6 Nxc3 18. bxc3 Kh7 19. Qa4 Bd7 20. g4 Qb8 21. Bg2 Qb2 22. O-O
Qxc3 23. Rac1 Qd2 24. gxf5 Qe2 25. Qxe4 Bf6 26. Bf3 Qxa2 27. Rc2 Qb3 28. Be2 a5
29. Bc4 Qb4 30. Qd3 Rad8 31. Rcc1 Be8 32. Rfd1 Bxh5 33. Rd2 a4 34. Ra2 Rb8 35.
Qc2 a3 36. Ne4 Bf3 37. Rca1 Bxe4 38. Qxe4 Qxc5 39. Rxa3 Rb4 40. Ra7+ Kh8 41. Qh1
Bg7 42. Be2 Rh4 43. Qg2 e4 44. Rd1 Qxa7 45. Qg3 Qb8 0-1

[Event "European Blitz 2014"]
[Site "Wroclaw POL"]
[Date "2014.12.19"]
[Round "9.1"]
[White "Kovalenko, Igor"]
[Black "Miton, Kamil"]
[Result "1-0"]
[WhiteTitle "GM"]
[BlackTitle "GM"]
[WhiteElo "2653"]
[BlackElo "2601"]
[WhiteFideId "14117908"]
[BlackFideId "1111914"]
[EventDate "2014.12.19"]

1. d4 d5 2. c4 c6 3. Nf3 Nf6 4. Nc3 e6 5. e3 Nbd7 6. Qc2 Bd6 7. b3 O-O 8. Bb2 e5
9. h3 exd4 10. Nxd4 dxc4 11. Bxc4 Nb6 12. Be2 Qe7 13. Rd1 Nbd5 14. Bf3 Nxc3 15.
Bxc3 Bd7 16. Nf5 Bxf5 17. Qxf5 Bb4 18. Qc2 Qc5 19. Rc1 Rad8 20. O-O Qxc3 21.
Qxc3 Bxc3 22. Rxc3 Rd2 23. a3 Rfd8 24. b4 Rb2 25. Rd1 Rxd1+ 26. Bxd1 Kf8 27. Bf3
Ke7 28. g4 Nd7 29. Kg2 Ne5 30. Be4 h6 31. Kg3 Nd7 32. h4 g5 33. h5 Nf6 34. Bg2
Rd2 35. Rc4 a6 36. Rc3 Nd5 37. Bxd5 Rxd5 38. Kf3 Kd6 39. Ke4 a5 40. f4 axb4 41.
axb4 Rb5 42. Rd3+ Ke6 43. Rd4 Ke7 44. Rc4 Ke6 45. Kf3 Ke7 46. Ke4 Ke6 47. Kd3
Ke7 48. Kc3 Rd5 49. Rc5 Kd6 50. Rxd5+ Kxd5 51. fxg5 1-0

[Event "European Blitz 2014"]
[Site "Wroclaw POL"]
[Date "2014.12.19"]
[Round "9.1"]
[White "Chigaev, Maksim"]
[Black "Salgado Lopez, Ivan"]
[Result "0-1"]
[WhiteTitle "IM"]
[BlackTitle "GM"]
[WhiteElo "2494"]
[BlackElo "2622"]
[WhiteFideId "4108116"]
[BlackFideId "2257327"]
[EventDate "2014.12.19"]

1. e4 c6 2. Nf3 d5 3. exd5 cxd5 4. Ne5 Nc6 5. d4 Nf6 6. Bb5 Bd7 7. Nxd7 Qxd7 8.
c3 e6 9. O-O Bd6 10. Nd2 O-O 11. Qe2 Qc7 12. g3 a6 13. Bd3 b5 14. a3 Rfe8 15. f4
Bf8 16. Nf3 g6 17. Bd2 Na5 18. Rae1 Bg7 19. Ne5 Rab8 20. g4 Nc4 21. g5 Nd7 22.
Bc1 a5 23. h4 Nd6 24. h5 b4 25. axb4 axb4 26. Bd2 bxc3 27. Bxc3 Nf5 28. hxg6
hxg6 29. Bxf5 exf5 30. Qg2 Nxe5 31. fxe5 Qc4 32. Ra1 Ra8 33. Qf3 Bf8 34. Rfe1
Qc6 35. Qe2 Qe6 36. Qb5 f4 37. Qe2 Be7 38. Qf3 Bxg5 39. Kg2 Kg7 40. Rh1 Rxa1 41.
Rxa1 Rh8 42. Rh1 Rxh1 43. Kxh1 Bh6 44. Kg2 g5 45. Qh5 Qf5 46. Bb4 Qe4+ 47. Kh2
Qc2+ 48. Kh3 Qf5+ 49. Kh2 f3 50. Bf8+ Kxf8 51. Qxh6+ Kg8 52. Kg1 Qg4+ 53. Kf1
Qg2+ 0-1

[Event "European Blitz 2014"]
[Site "Wroclaw POL"]
[Date "2014.12.19"]
[Round "9.1"]
[White "Neiksans, Arturs"]
[Black "Belous, Vladimir"]
[Result "1-0"]
[WhiteTitle "GM"]
[BlackTitle "GM"]
[WhiteElo "2559"]
[BlackElo "2578"]
[WhiteFideId "11601388"]
[BlackFideId "4174003"]
[EventDate "2014.12.19"]

1. e4 c5 2. Nf3 Nc6 3. Bb5 d6 4. O-O Bd7 5. Re1 Nf6 6. c3 a6 7. Bf1 Bg4 8. h3
Bh5 9. g4 Bg6 10. d4 cxd4 11. cxd4 Bxe4 12. Rxe4 Nxe4 13. d5 Qb6 14. Be3 Qxb2
15. dxc6 bxc6 16. Nbd2 Nxd2 17. Nxd2 d5 18. Qa4 Qb7 19. Rc1 e6 20. Rxc6 Qd7 21.
Nf3 Bd6 22. Bc5 Bb8 23. Nd4 Be5 24. Nxe6 fxe6 25. Rxe6+ Kd8 26. Qxd7+ Kxd7 27.
Rxe5 Kc6 28. Bd4 Rae8 29. Rxe8 Rxe8 30. Bxg7 a5 31. g5 Kc5 32. h4 d4 33. Bd3 Kb4
34. h5 Kc3 35. Bxh7 Re7 36. h6 Rb7 37. Be4 Re7 38. h7 1-0

[Event "European Blitz 2014"]
[Site "Wroclaw POL"]
[Date "2014.12.19"]
[Round "9.1"]
[White "Moiseenko, Alexander"]
[Black "Riazantsev, Alexander"]
[Result "0-1"]
[WhiteTitle "GM"]
[BlackTitle "GM"]
[WhiteElo "2692"]
[BlackElo "2684"]
[WhiteFideId "14102560"]
[BlackFideId "4125029"]
[EventDate "2014.12.19"]

1. d4 e6 2. Nf3 Nf6 3. c4 b6 4. g3 Bb4+ 5. Nbd2 Bb7 6. Bg2 c5 7. d5 exd5 8. Nh4
O-O 9. O-O Re8 10. Nb1 d6 11. a3 Ba5 12. cxd5 b5 13. Nf5 Bc8 14. Ne3 Nbd7 15.
Nc2 Ne5 16. b4 Bb6 17. Nc3 Bd7 18. Bg5 h6 19. Bxf6 Qxf6 20. bxc5 Bxc5 21. Ne4
Qg6 22. Nxc5 dxc5 23. e4 Nc4 24. Qd3 f6 0-1

[Event "European Blitz 2014"]
[Site "Wroclaw POL"]
[Date "2014.12.19"]
[Round "9.2"]
[White "Navara, David"]
[Black "Socko, Bartosz"]
[Result "1-0"]
[WhiteTitle "GM"]
[BlackTitle "GM"]
[WhiteElo "2727"]
[BlackElo "2617"]
[WhiteFideId "309095"]
[BlackFideId "1107038"]
[EventDate "2014.12.19"]

1. c4 Nf6 2. Nc3 e6 3. e4 d5 4. cxd5 exd5 5. e5 Ne4 6. Nf3 Nc6 7. Bb5 Bc5 8. d4
Bb6 9. Be3 O-O 10. Qa4 Nxc3 11. bxc3 Ne7 12. Bd3 Bf5 13. Qc2 Qd7 14. Bg5 Bxd3
15. Qxd3 c5 16. h4 cxd4 17. cxd4 Qf5 18. Ke2 Qxd3+ 19. Kxd3 Nc6 20. Rab1 f6 21.
exf6 gxf6 22. Be3 Kf7 23. Rhc1 Rad8 24. g3 h5 25. Ng1 Ne7 26. Ne2 Ng6 27. a4 Rd7
28. Rb5 Ke6 29. Rcb1 Rb8 30. Nc3 Bd8 31. Re1 Kf7 32. Rxd5 Rxd5 33. Nxd5 Ba5 34.
Rb1 b6 35. Nc7 Rd8 36. Rb5 Rd7 37. Rxh5 Kg7 38. Ne6+ Kf7 39. d5 Ne5+ 40. Ke4 Rd6
41. Rh7+ Kg8 42. Rg7+ Kh8 43. Rxa7 Nc4 44. Bf4 Nd2+ 45. Bxd2 Bxd2 46. g4 Bc3 47.
h5 Bb2 48. f4 Bc3 49. g5 f5+ 50. Kxf5 Rxd5+ 51. Kg6 Ra5 52. Rc7 Ra8 53. Rxc3 Re8
54. Rc6 b5 1-0

[Event "European Blitz 2014"]
[Site "Wroclaw POL"]
[Date "2014.12.19"]
[Round "9.2"]
[White "Bortnyk, Olexandr"]
[Black "Efimenko, Zahar"]
[Result "0-1"]
[WhiteTitle "IM"]
[BlackTitle "GM"]
[WhiteElo "2533"]
[BlackElo "2643"]
[WhiteFideId "14120828"]
[BlackFideId "14107201"]
[EventDate "2014.12.19"]

1. e4 e5 2. Nf3 Nc6 3. Bc4 Bc5 4. c3 Nf6 5. b4 Bb6 6. d3 d6 7. a4 a6 8. Nbd2 h6
9. Bb3 O-O 10. Nc4 Be6 11. Nxb6 Bxb3 12. Qxb3 cxb6 13. O-O b5 14. axb5 axb5 15.
Be3 Qd7 16. Nd2 d5 17. Bc5 Rfe8 18. exd5 Qxd5 19. Qxd5 Nxd5 20. Ne4 Red8 21. c4
bxc4 22. b5 Na5 23. dxc4 Nxc4 24. Rac1 Na5 25. b6 f5 26. Ng3 Nb3 27. Rc2 Rac8
28. Rd1 Rxc5 29. Rxc5 Nxc5 30. Nxf5 Kf7 31. Ne3 Ke6 32. g3 Rd7 33. Ng4 h5 0-1

[Event "European Blitz 2014"]
[Site "Wroclaw POL"]
[Date "2014.12.19"]
[Round "9.2"]
[White "Kempinski, Robert"]
[Black "Duda, Jan-Krzysztof"]
[Result "1/2-1/2"]
[WhiteTitle "GM"]
[BlackTitle "GM"]
[WhiteElo "2626"]
[BlackElo "2603"]
[WhiteFideId "1105663"]
[BlackFideId "1170546"]
[EventDate "2014.12.19"]

1. d4 d5 2. c4 e6 3. Nf3 Nf6 4. Nc3 c6 5. e3 Nbd7 6. Qc2 Bd6 7. g4 h6 8. Bd2
dxc4 9. Bxc4 b5 10. Be2 Bb7 11. Rg1 Rc8 12. h4 b4 13. Na4 c5 14. dxc5 Nxc5 15.
Nxc5 Bxc5 16. Qa4+ Qd7 17. Bb5 Bc6 18. Bxc6 Qxc6 19. Qxc6+ Rxc6 20. Rc1 O-O 21.
Rc4 Rfc8 22. Ke2 Be7 23. Rxc6 Rxc6 24. Nd4 Ra6 25. g5 hxg5 26. hxg5 Ne4 27. g6
Nxd2 28. Kxd2 Bf6 29. gxf7+ Kxf7 30. Kc2 Bxd4 31. exd4 Rxa2 32. Kb3 Ra5 33. Kxb4
Rf5 34. Ra1 Rxf2 35. Rxa7+ Kf6 36. Kc3 g5 37. Ra8 Rh2 38. b4 g4 39. Rg8 Kf5 40.
b5 Rh1 41. Kc4 Rc1+ 42. Kb4 Kf4 43. b6 g3 44. Kb5 Rb1+ 45. Kc6 Kf3 46. Rf8+ Ke3
47. Rg8 Kf2 48. Rf8+ Ke3 49. Rg8 Ke4 1/2-1/2

[Event "European Blitz 2014"]
[Site "Wroclaw POL"]
[Date "2014.12.19"]
[Round "9.2"]
[White "Grigoriants, Sergey"]
[Black "Alekseev, Evgeny"]
[Result "1/2-1/2"]
[WhiteTitle "GM"]
[BlackTitle "GM"]
[WhiteElo "2570"]
[BlackElo "2679"]
[WhiteFideId "4130804"]
[BlackFideId "4138147"]
[EventDate "2014.12.19"]

1. e4 c5 2. Nf3 e6 3. d4 cxd4 4. Nxd4 Nc6 5. Nc3 a6 6. Bf4 d6 7. Nxc6 bxc6 8.
Qd2 d5 9. Bd3 Nf6 10. O-O Be7 11. Rad1 O-O 12. Qe2 Nd7 13. Na4 Bb7 14. c4 Re8
15. Rfe1 e5 16. Bg3 d4 17. f4 exf4 18. Bxf4 c5 19. e5 Bf8 20. Qg4 Nb6 21. e6
fxe6 22. Qh5 g6 23. Bxg6 hxg6 24. Qxg6+ Bg7 25. Be5 Re7 26. Rd3 Qe8 27. Qxe8+
Raxe8 28. Nxb6 Bc6 29. b3 Rf7 30. Na4 Bxa4 31. bxa4 Rb7 32. Bd6 e5 33. Bxc5 Rd7
34. Rxd4 Rc7 35. Rd5 Rec8 36. Bd6 Rxc4 37. Bxe5 Bf8 38. a5 Rc2 39. Bg3 Rxa2 40.
Rg5+ Kh7 41. Rf5 Bg7 42. Kh1 Rcc2 43. Rf7 Kg6 44. Ra7 Rxa5 45. Rb7 Rb5 46. Rd7
Rc6 47. Rd3 a5 48. h4 a4 49. Re4 Ra6 50. Ra3 Rba5 51. Be1 Re5 52. Rxe5 Bxe5 53.
g4 Bb2 54. Ra2 a3 55. Bb4 Ra4 56. Bxa3 Bxa3 57. Kg2 Rxg4+ 58. Kf3 Ra4 59. Ke2
Kf5 60. Kd1 Rd4+ 61. Kc2 Be7 62. Kb3 Rxh4 63. Rf2+ Ke5 64. Re2+ Kd6 65. Rd2+ Kc5
66. Rd3 Bf6 67. Rf3 Rb4+ 68. Kc2 Bd4 69. Kd3 Kd5 70. Rf5+ Be5 71. Rf3 Rb3+ 72.
Ke2 Rb1 73. Kd3 Ra1 74. Ke3 Bd4+ 75. Kd3 Ra3+ 76. Ke2 Bc3 77. Kf2 Kd4 78. Kg3
Ke4 79. Kg4 Rb3 80. Rf4+ Ke5 81. Rf5+ Ke6 82. Rf3 Rb4+ 83. Rf4 Rb1 84. Re4+ Be5
85. Kf3 Kf5 86. Re2 Bf4 87. Rc2 Rb3+ 88. Ke2 Be5 89. Rc4 Ra3 90. Kd2 Ke6 91. Ke2
Kd5 92. Rc2 Ke4 93. Rd2 Bd4 94. Rc2 Rh3 95. Rd2 Be3 96. Rc2 Rg3 97. Kd1 Kd3 98.
Rd2+ Ke4 99. Rc2 Rh3 100. Ke2 Bd4 101. Kd1 Ke3 102. Re2+ Kd3 103. Rd2+ Kc4 104.
Rc2+ Bc3 105. Re2 Kb3 106. Rf2 Re3 107. Re2 Rd3+ 108. Kc1 Rd5 109. Rg2 Re5 1/2-1/2

[Event "European Blitz 2014"]
[Site "Wroclaw POL"]
[Date "2014.12.19"]
[Round "9.2"]
[White "Bartel, Mateusz"]
[Black "Korobov, Anton"]
[Result "1-0"]
[WhiteTitle "GM"]
[BlackTitle "GM"]
[WhiteElo "2664"]
[BlackElo "2693"]
[WhiteFideId "1112635"]
[BlackFideId "14105730"]
[EventDate "2014.12.19"]

1. e4 e5 2. Nf3 Nc6 3. Bb5 a6 4. Ba4 Nf6 5. Bxc6 dxc6 6. d3 Nd7 7. Nbd2 c5 8.
Nc4 f6 9. O-O Nb6 10. Ne3 Be6 11. b3 g5 12. Bb2 Qd7 13. a4 Rd8 14. Nd2 h5 15.
Ndc4 Nc8 16. Qf3 Bg7 17. Nf5 Bxf5 18. exf5 Qd5 19. Qxd5 Rxd5 20. a5 Na7 21. h3
h4 22. Rfe1 Kf7 23. Re4 Nc6 24. Ne3 Rd7 25. Rc4 Bf8 26. Raa4 Nd4 27. Kf1 Be7 28.
Ba3 b5 29. axb6 cxb6 30. Rxa6 b5 31. Rxc5 Bxc5 32. Bxc5 Rc8 33. b4 Rc6 34. Ra8
Rcc7 35. f3 Nc6 36. Kf2 Ne7 37. Ra5 Rb7 38. Ra6 Nd5 39. Nxd5 Rxd5 40. Ke3 Rdd7
41. Ra8 Rbc7 42. Ke4 Kg7 43. Rb8 Rb7 44. Rxb7 Rxb7 45. c4 Kf7 46. Kd5 Rd7+ 47.
Kc6 Ke8 48. Bd6 Kd8 49. c5 Ra7 50. Kxb5 Kd7 51. Kc4 Ra2 52. b5 Rxg2 53. Kd5 Rb2
54. c6+ Kc8 55. Ke6 Rxb5 56. Kxf6 Rd5 57. Bxe5 Rxd3 58. Kxg5 Rxf3 59. f6 Kd8 60.
Bf4 Ke8 61. c7 Rc3 62. Kg6 1-0

[Event "European Blitz 2014"]
[Site "Wroclaw POL"]
[Date "2014.12.19"]
[Round "9.2"]
[White "Miton, Kamil"]
[Black "Kovalenko, Igor"]
[Result "1-0"]
[WhiteTitle "GM"]
[BlackTitle "GM"]
[WhiteElo "2601"]
[BlackElo "2653"]
[WhiteFideId "1111914"]
[BlackFideId "14117908"]
[EventDate "2014.12.19"]

1. d4 Nf6 2. c4 e6 3. g3 c5 4. Nf3 d5 5. cxd5 Nxd5 6. Bg2 Nc6 7. O-O Be7 8. dxc5
Bxc5 9. Qc2 Be7 10. Rd1 Bd7 11. Nc3 Nxc3 12. bxc3 O-O 13. Bf4 Qc8 14. Rab1 Rd8
15. Bg5 h6 16. Bxe7 Nxe7 17. Ne5 Bc6 18. Rxd8+ Qxd8 19. Nxc6 bxc6 20. Rb7 a5 21.
c4 Rb8 22. Qd3 Qe8 23. Qb3 Rxb7 24. Qxb7 g5 25. Bf3 Kg7 26. Qc7 a4 27. Qa7 Nf5
28. Qxa4 Nd4 29. Qb4 e5 30. Qb2 Qe6 31. c5 Qc4 32. Kg2 Qxc5 33. e3 Nxf3 34. Kxf3
Qd5+ 35. Ke2 Kg6 36. Qb3 Qc5 37. Kd3 Qd6+ 38. Ke2 Qc5 39. Kd2 e4 40. a4 Qa5+ 41.
Kc2 Qe1 42. Qc3 Qxf2+ 43. Kb3 Qf1 44. Qxc6+ Kh5 45. Qxe4 Qd1+ 46. Qc2 Qd5+ 47.
Qc4 Qd1+ 48. Kb4 Qd2+ 49. Kb5 Qxh2 50. g4+ Kh4 51. a5 Qb2+ 52. Kc6 Qg2+ 53. Qd5
Qc2+ 54. Qc5 Qe2 55. Kb6 Kxg4 56. a6 Qb2+ 57. Qb5 Qf6+ 58. Ka5 Qd8+ 59. Qb6 Qd5+
60. Qb5 Qd8+ 61. Kb4 Kh3 62. Qb7 Qd2+ 63. Kc4 Qc2+ 64. Kd4 Qd2+ 65. Kc4 Qc2+ 66.
Kb5 Qb3+ 67. Kc6 Qc3+ 68. Kd7 Qd3+ 69. Kc8 Qc2+ 70. Kb8 g4 71. a7 g3 72. Qh1+
Kg4 73. a8=Q Qb3+ 74. Qab7 Qxe3 75. Qbe4+ Qxe4 76. Qxe4+ Kh3 77. Qh1+ Kg4 78.
Kc7 h5 79. Kd6 h4 80. Qe4+ Kh3 81. Qh1+ Kg4 82. Ke5 h3 83. Qe4+ Kg5 84. Qf4+ Kh5
85. Qxg3 1-0

[Event "European Blitz 2014"]
[Site "Wroclaw POL"]
[Date "2014.12.19"]
[Round "9.2"]
[White "Salgado Lopez, Ivan"]
[Black "Chigaev, Maksim"]
[Result "1-0"]
[WhiteTitle "GM"]
[BlackTitle "IM"]
[WhiteElo "2622"]
[BlackElo "2494"]
[WhiteFideId "2257327"]
[BlackFideId "4108116"]
[EventDate "2014.12.19"]

1. e4 e5 2. Nf3 d6 3. d4 exd4 4. Nxd4 Nf6 5. Nc3 Be7 6. Bc4 O-O 7. O-O c6 8. Re1
Re8 9. a4 Bf8 10. Bg5 Nbd7 11. Ba2 h6 12. Bh4 Ne5 13. Bg3 Bg4 14. f3 Bd7 15. Qd2
Be7 16. Rad1 Nh5 17. Bf2 Bg5 18. Be3 Bxe3+ 19. Qxe3 Qb6 20. Kh1 Rad8 21. Bb3 a5
22. f4 Ng4 23. Qf3 c5 24. Nd5 Qa7 25. Nf5 Bxf5 26. exf5 Nhf6 27. Bc4 Nxd5 28.
Qxd5 b5 29. axb5 Nf2+ 30. Kg1 Nxd1 31. Rxd1 Qe7 32. Rf1 Rb8 33. h3 Qf6 34. b3
Re3 35. Rd1 Rb6 36. Rd3 Re1+ 37. Kh2 Re8 38. Rg3 Rf8 39. Rg6 Qh4 40. Rg4 Qf6 41.
Rg6 Qh4 42. Rg4 Qf6 43. Rg6 Qd4 44. Qxd4 cxd4 45. f6 d5 46. fxg7 Rxg6 47.
gxf8=Q+ Kxf8 48. Bxd5 Ke7 49. Bc4 h5 50. g3 Kd6 51. Kg2 f5 52. Kf3 Kc5 53. Bd3
Rf6 54. g4 fxg4+ 55. hxg4 hxg4+ 56. Kxg4 Kb4 57. Kg5 Rf8 58. f5 Kc3 59. f6 Rg8+
60. Kf5 Rg2 61. f7 Rf2+ 62. Ke6 1-0

[Event "European Blitz 2014"]
[Site "Wroclaw POL"]
[Date "2014.12.19"]
[Round "9.2"]
[White "Belous, Vladimir"]
[Black "Neiksans, Arturs"]
[Result "1-0"]
[WhiteTitle "GM"]
[BlackTitle "GM"]
[WhiteElo "2578"]
[BlackElo "2559"]
[WhiteFideId "4174003"]
[BlackFideId "11601388"]
[EventDate "2014.12.19"]

1. Nf3 Nf6 2. c4 e6 3. g3 b6 4. Bg2 Bb7 5. O-O Be7 6. Nc3 O-O 7. Re1 c5 8. e4 d6
9. d4 cxd4 10. Nxd4 Qc8 11. Be3 a6 12. Rc1 Nbd7 13. h3 Re8 14. f4 Bf8 15. Bf2 g6
16. e5 dxe5 17. fxe5 Nh5 18. Bf3 Bg7 19. Bxb7 Qxb7 20. Qf3 Qxf3 21. Nxf3 Rac8
22. Rcd1 Nb8 23. Re4 f5 24. exf6 Nxf6 25. Ree1 Rxc4 26. Ne5 Rcc8 27. Bxb6 Nc6
28. Nc4 Rb8 29. Bf2 Nd5 30. Nxd5 exd5 31. Rxe8+ Rxe8 32. Rxd5 Nb4 33. Ra5 Re2
34. a3 Nd3 35. Bb6 Rc2 36. b3 Ne1 37. Rxa6 Nf3+ 38. Kf1 Bc3 39. Ra8+ Kg7 40. Rd8
Bf6 41. Ne3 Ra2 42. Rd7+ Kg8 43. Ng4 Bg7 44. Bf2 h5 45. Ne3 Nd2+ 46. Ke1 Nf3+
47. Kf1 Nd2+ 48. Kg1 Ne4 49. Rd8+ Kf7 50. Rd7+ Kg8 51. Be1 Re2 52. Ng2 Ng5 53.
Kf1 Ra2 54. h4 Ne4 55. a4 Be5 56. Rd3 Bf6 57. Re3 Nc5 58. a5 Rb2 59. b4 Na6 60.
Re6 1-0

[Event "European Blitz 2014"]
[Site "Wroclaw POL"]
[Date "2014.12.19"]
[Round "9.2"]
[White "Riazantsev, Alexander"]
[Black "Moiseenko, Alexander"]
[Result "1/2-1/2"]
[WhiteTitle "GM"]
[BlackTitle "GM"]
[WhiteElo "2684"]
[BlackElo "2692"]
[WhiteFideId "4125029"]
[BlackFideId "14102560"]
[EventDate "2014.12.19"]

1. d4 Nf6 2. c4 e6 3. Nf3 Bb4+ 4. Bd2 c5 5. Bxb4 cxb4 6. e3 O-O 7. Bd3 d6 8. O-O
Nc6 9. Nbd2 e5 10. h3 Qe7 11. dxe5 dxe5 12. Ne4 h6 13. Nxf6+ Qxf6 14. Be4 Be6
15. b3 Bf5 16. Qc2 Bxe4 17. Qxe4 Rad8 18. Rad1 Qe6 19. Qc2 f5 20. Rxd8 Rxd8 21.
Rd1 Rxd1+ 22. Qxd1 Kf7 23. Qd5 Ke7 24. Qb5 b6 25. Qd5 g5 26. e4 Kf6 27. Qd3 f4
28. Qd5 Ke7 29. c5 bxc5 30. Qxc5+ Qd6 31. Qb5 Kf6 32. Qa6 Qe6 33. Qb5 Qd6 34.
Qa6 Qe6 35. Qb5 Qd6 36. Qa6 1/2-1/2

[Event "European Blitz 2014"]
[Site "Wroclaw POL"]
[Date "2014.12.19"]
[Round "9.2"]
[White "Volokitin, Andrei"]
[Black "Vitiugov, Nikita"]
[Result "0-1"]
[WhiteTitle "GM"]
[BlackTitle "GM"]
[WhiteElo "2626"]
[BlackElo "2738"]
[WhiteFideId "14107090"]
[BlackFideId "4152956"]
[EventDate "2014.12.19"]

1. e4 e6 2. d4 d5 3. e5 c5 4. c3 Nc6 5. Nf3 Qb6 6. Na3 cxd4 7. cxd4 Bb4+ 8. Bd2
Nge7 9. Nc2 Bxd2+ 10. Qxd2 Qxb2 11. Bd3 Qb6 12. O-O h6 13. Rab1 Qd8 14. Ne3 Ng6
15. g3 Nge7 16. h4 Rb8 17. h5 Bd7 18. Ng4 Qa5 19. Qf4 Qa3 20. Qd2 Nf5 21. Bxf5
Qxf3 22. Ne3 exf5 23. Rb3 O-O 24. Ng2 Qxh5 25. Nf4 Qg5 26. Kg2 Nd8 27. Qa5 Ne6
28. Nxd5 Bc6 29. Kg1 Bxd5 30. Qxd5 Rfd8 31. Qg2 Nxd4 0-1